| 000 | 00970nam a2200289Ia 4500 | ||
|---|---|---|---|
| 001 | E2495 | ||
| 003 | IT-RoPAU | ||
| 008 | 130308s9999 xx 000 0 und d | ||
| 040 | _aIT-RoPAU | ||
| 040 | _cIT-RoPAU | ||
| 041 | _aFRANCESE | ||
| 100 | _aNacib Youssef | ||
| 100 | _gCodice Aut. SPICS: 47942 | ||
| 245 | _aAspects Magico-Symboliques dans l'imagerie artisanale du Djurdjura | ||
| 245 | _bImage Dans le monde Arabe (L') | ||
| 250 | _a1a ed. | ||
| 260 | _aPARIS | ||
| 260 | _bCNRS | ||
| 260 | _c1995 [1° Ed.:1995 - Ed.Ling.Originale:1990] | ||
| 300 | _a"13 p. (prefazione: no ; testo: 13 [pagine: 125-137])" | ||
| 500 | _aAspetti magico Simbolici nell'iconografia Artigianale del Djurdjura. Artigianato della Cabilia: breve Tipologia. toni e motivi delle Decorazioni. Simbolismo Ornamentale. Leitmotiv Culturale della Fertilita'. | ||
| 650 | _aSEGNOLOGIA | ||
| 650 | _eCodice materia Spics: 3001 | ||
| 942 | _cBK | ||
| 957 | _71 | ||
| 999 |
_c95887 _d95887 |
||
| 999 | _g1 | ||